Strukturální politika ano či ne?

Chápanie štruktúrnej politiky a jej súčastí. Štyri dielčie politiky hospodárskej politiky - sektorové politiky (priemyslová, poľnohospodárska a p.), vedecká, technologická a inovačná politika, regionálna, exportná sa navzájom prelínajú a je možné ich zahrnúť do spoločnej dielčej politiky, ktorou je...

Ausführliche Beschreibung

Gespeichert in:
Bibliographische Detailangaben
1. Verfasser: Hučka, Miroslav
Format: Buchkapitel
Sprache:Tschechisch
Schlagworte:
Tags: Tag hinzufügen
Keine Tags, Fügen Sie das erste Tag hinzu!

MARC

LEADER 00000naa a2200000 4500
001 r021741
005 20230418123440.5
041 0 |a cze 
044 |a CZ 
245 1 0 |a Strukturální politika ano či ne?  |c Miroslav Hučka 
520 |a Chápanie štruktúrnej politiky a jej súčastí. Štyri dielčie politiky hospodárskej politiky - sektorové politiky (priemyslová, poľnohospodárska a p.), vedecká, technologická a inovačná politika, regionálna, exportná sa navzájom prelínajú a je možné ich zahrnúť do spoločnej dielčej politiky, ktorou je štruktúrna politika. Problémy štruktúrnej politiky vo vyspelých krajinách. Politické rámce štruktúrnej politiky. Štruktúrna politika vlády ČR. Východiská pre podmienky vývoja českej ekonomiky. 
610 2 0 |a politika hospodárska 
610 2 0 |a politika štruktúrna 
610 2 0 |a štruktúra ekonomická 
610 2 0 |a Česko 
610 2 0 |a krajiny vyspelé 
610 2 0 |a západná Európa 
100 1 |a Hučka, Miroslav